000
00254nam a22001097a 4500
082
_a
030
_b
SCA/B
100
_a
SCARRY'S, RICHARD
245
_a
BEST WORLD BOOK EVER
260
_a
LONDON
_b
HARPER COLLINS
650
_a
BEST WORLD BOOK EVER
_z
LONDON
942
_c
BK
999
_c
2685
_d
2685